Città italiane tradotte in Lingue straniere - Statistics

Statistiche generali
  • Questo quiz è stato fatto 109 volte
  • Il punteggio medio è 17 su 21
Statistiche sulle risposte
Lingua Città Città % Corretto
Inglese Florence Firenze
100%
Inglese Naples Napoli
100%
Inglese Syracuse Siracusa
100%
Inglese Turin Torino
100%
Inglese Mantua Mantova
99%
Tedesco Trient Trento
99%
Tedesco Venedig Venezia
98%
Francese Gênes Genova
91%
Tedesco Mailand Milano
91%
Sloveno Gorica Gorizia
90%
Sloveno Terst Trieste
87%
Francese Lucques Lucca
84%
Tedesco Tarent Taranto
84%
Greco Ankritzénto Agrigento
80%
Francese Pérouse Perugia
77%
Greco Létsе Lecce
72%
Catalano Càller Cagliari
67%
Albanese Kozenca Cosenza
63%
Sloveno Videm Udine
44%
Francese Coni Cuneo
32%
Tedesco Brixen Bressanone
30%
Nessun quiz corrispondente trovato
Distribuzione punteggi
Percentuale di utenti per punteggio
Percentile per numero di risposta
I tuoi punteggi nel tempo
Non hai fatto questo quiz